| 000 | 00410nam a2200121Ia 4500 | ||
|---|---|---|---|
| 008 | 170221s9999 xx 000 0 und d | ||
| 100 | _aLimei Che | ||
| 245 | _aGovernance Structure and Firm Performance in Private Family Firms (pages 1216–1250) | ||
| 245 | _cLimei Che and John Christian Langli | ||
| 260 | _c2013 | ||
| 650 | _xBusiness | ||
| 856 | _uhttp://onlinelibrary.wiley.com/doi/10.1111/jbfa.12170/pdf | ||
| 999 |
_c309547 _d309547 |
||